[Event "GER-chT U14 Girls"]
[Site "Stuttgart"]
[Date "2007.12.30"]
[Round "7.2"]
[White "Kaden, Romy"]
[Black "Tunc, Berfin"]
[Result "1-0"]
[WhiteElo "1251"]
[BlackElo "1133"]
[PlyCount "103"]
[EventDate "2007.12.27"]
[EventType "team-swiss"]
[EventRounds "7"]
[EventCountry "GER"]
[SourceTitle "EXT 2009"]
[Source "ChessBase"]
[SourceDate "2008.11.26"]
[SourceVersion "1"]
[SourceVersionDate "2008.11.26"]
[SourceQuality "1"]
[WhiteTeam "Chemnitz Aufbau U14 Girls"]
[BlackTeam "Porz SG U14 Girls"]
[WhiteTeamCountry "GER"]
[BlackTeamCountry "GER"]

1. e4 e5 2. Nf3 Nc6 3. d4 exd4 4. Nxd4 Bc5 5. Be3 Qf6 6. c3 Bb6 7. Bc4 Nge7 8. 0-0 d6 9. Nxc6 Nxc6 10. Bxb6 axb6 11. f4 Qg6 12. Kh1 0-0 13. Nd2 Ra5 14. f5 Qh6 15. Rf3 Qh5 16. Rh3 Qxd1+ 17. Rxd1 Ne5 18. Bb3 g6 19. Rg3 Kh8 20. fxg6 fxg6 21. Rf1 Rxf1+ 22. Nxf1 Bd7 23. Ne3 Bc6 24. Nd5 Bxd5 25. Bxd5 c6 26. Bb3 Ra8 27. h3 Rf8 28. Kg1 b5 29. Re3 Nc4 30. Bxc4 bxc4 31. Rf3 Rxf3 32. gxf3 Kg7 33. Kg2 Kf6 34. f4 b6 35. h4 h5 36. Kf3 c5 37. Ke3 b5 38. Kd2 Ke6 39. Kc2 Kf6 40. b3 cxb3+ 41. Kxb3 Ke6 42. c4 b4 43. a4 Kd7 44. e5 dxe5 45. fxe5 g5 46. hxg5 h4 47. g6 h3 48. g7 h2 49. g8Q h1Q 50. Qf7+ Kd8 51. Qd5+ Qxd5 52. cxd5 1-0

[Event "GER-chT U14 Girls"]
[Site "Stuttgart"]
[Date "2007.12.28"]
[Round "4.2"]
[White "Polert, Annika"]
[Black "Tunc, Berfin"]
[Result "1/2-1/2"]
[WhiteElo "1181"]
[BlackElo "1133"]
[PlyCount "105"]
[EventDate "2007.12.27"]
[EventType "team-swiss"]
[EventRounds "7"]
[EventCountry "GER"]
[SourceTitle "EXT 2009"]
[Source "ChessBase"]
[SourceDate "2008.11.26"]
[SourceVersion "1"]
[SourceVersionDate "2008.11.26"]
[SourceQuality "1"]
[WhiteTeam "Harksheide U14 Girls"]
[BlackTeam "Porz SG U14 Girls"]
[WhiteTeamCountry "GER"]
[BlackTeamCountry "GER"]

1. e4 e5 2. Nf3 Nc6 3. d4 exd4 4. Nxd4 Bc5 5. Be3 Qf6 6. c3 Nge7 7. Bc4 0-0 8. 0-0 d6 9. Re1 Qg6 10. Nxc6 Nxc6 11. Bf4 Re8 12. Nd2 Be6 13. Bd3 Ne5 14. Bxe5 dxe5 15. b4 Bb6 16. c4 Bd4 17. Rc1 Rad8 18. Nb3 b6 19. Nxd4 Rxd4 20. Re3 Red8 21. Rg3 Qf6 22. Qe2 c6 23. Qc2 a6 24. a3 b5 25. c5 Qe7 26. Re1 Qd7 27. Bf1 Bc4 28. Bxc4 bxc4 29. Rf1 Qe7 30. Qc1 Rxe4 31. Qh6 f6 32. Qh5 Qf7 33. Qf3 Qd5 34. Rh3 Rd4 35. Qh5 h6 36. Rg3 Qf7 37. Qxh6 Kf8 38. Qc1 R8d5 39. Rh3 Qd7 40. Rh8+ Kf7 41. Rh7 Kg8 42. Rh3 Rd1 43. Qxc4 Kf8 44. Re3 Qb7 45. Qc2 R5d2 46. Qh7 Rxf1+ 47. Kxf1 Qb5+ 48. Ke1 Rd4 49. Qh8+ Kf7 50. Qh5+ Kf8 51. Qf5 Qc4 52. Qb1 Kf7 53. h3 1/2-1/2